| 000 | 00498nam a2200181Ia 4500 | ||
|---|---|---|---|
| 003 | GCL | ||
| 008 | 140319s9999 xx 000 0 eng d | ||
| 040 |
_aGCL / _cGCL |
||
| 082 | 0 | 4 |
_aCC _b050.941 _bA T |
| 100 | 1 | _aAYMAN FUAD SAYYID | |
| 245 | 1 | 0 |
_aTEXTES ARABES ET ETUDES ISLAMIQUES: ANNUAL, TOME 13\1, 1978 / _cAYMAN FUAD SAYYID |
| 260 |
_a[S.N] : _bI.F.A.O ، _c1978 |
||
| 300 | _a152 PP | ||
| 650 | 0 | 4 | _aحوادث المرور |
| 650 | 0 | 4 | _aPERIODICALS |
| 650 | 0 | 4 | _aARABS |
| 942 |
_2ddc _cBK |
||
| 999 |
_c17826 _d17826 |
||